000 00462nam a22001817a 4500
003 MPLRDC
005 20220104163556.0
008 210129b ||||| |||| 00| 0 eng d
020 _a0-571-14903-0
082 _a882.4 KUN-6
100 _aMILAN KUNDERA
245 _aLIFE IS ELSEWHERE
_cTRANSLATED BY PETER KUSSI
250 _a1ST ED.
260 _aENGLAND
_bFABER AND FABER LIMITED
_c1973
300 _b311
650 _aFICTION
942 _cBK
_o882.4 KUN-6
999 _c56529
_d56519